LEADER 01334nam a2200301 u 4500 001 000000007009 003 CaOOAMICUS 005 20070226104933.0 008 940514s1981 it u000 u ita u 020 $a8820421380 : 035 $a10183588 040 $aPUL$bita 245 03$aLa Politica familiare in Europa. :$bProspettive per gli anni '80. /$cA cura del Cisf, Centro internazionale studi famiglia. 260 $a[Milano] :$bF. Angeli,$c[1981] 300 $a245 [1] p. ;$c22 cm 490 1 $aPianificazione e servizi sociali ;$v5 504 $aBibliography: p. 235-246. 650 4$aFamiglia.$0(OLS)http://pul/subject/1197 650 0$aFamily policy$zEurope.$2//eng$0(OLS)http://pul/subject/6259 710 2 $aCentro internazionale studi famiglia.$0(OLS)http://pul/name/7113 830 0$aPianificazione e servizi sociali ;$v5.$0(OLS)http://pul/title/10285 850 $aPUL 852 $aPUL$W1$xDP1 Cons. Gen., Altre Classi 1$y22$m43 C 51$j9891$nBK-PRI$b $qStampati$B9891$CPULBib$Z2$F9891 $H $81 941 1 $a8 961 $aINV: 52189 996 $6020$a8820421380 :$9(OLS)http://pul/number/9103 996 $6245$aLa Politica familiare in Europa. :$bProspettive per gli anni '80.$9(OLS)http://pul/title/10284 996 $6260$a[Milano] :$bF. Angeli$9(OLS)http://pul/publisher/51525 LEADER 01156nam a2200265 u 4500 001 000000116295 003 CaOOAMICUS 005 20090619124246.0 008 090619s2009 it u000 u ita r 020 $z978-88-315-3624-0* 040 $aPUL$bita$dLDB 100 1 $aSchiavone, Pietro,$cS.I.$0(OLS)http://pul/name/47702 245 13$aIl discernimento :$bteoria e prassi /$cPietro Schiavone ; prefazione del card. Salvatore De Giorgi ; presentazione di José Adolfo Gonzįlez. 260 $aMilano :$bPaoline,$cc2009. 300 $a282 p. ;$c21 cm. 490 1 $aSpiritualitą del quotidiano 504 $aBibliografia: p. 607-613. 650 4$aSpiritualitą.$0(OLS)http://pul/subject/843 830 0$aSpiritualitą del quotidiano.$0(OLS)http://pul/title/65781 850 $aPUL 852 $aPUL$W1$xSL Religione 3$y85$m241 SCHPI 1$j133278$qDDC 21$B132307$CPULBib$Z2$F132307 $H110759 $82 941 1 $a9 996 $6020$z978-88-315-3624-0*$9(OLS)http://pul/number/141200 996 $6245$aIl discernimento :$bteoria e prassi$9(OLS)http://pul/title/146144 996 $6260$aMilano :$bPaoline$9(OLS)http://pul/publisher/60808